[Event "Asia Cities-ch 15th"]
[Site "Tehran"]
[Date "2007.03.02"]
[Round "1.1"]
[White "Kostenko, Petr"]
[Black "Ahmed, J Majeed"]
[Result "1-0"]
[WhiteElo "2522"]
[BlackElo "2063"]
[PlyCount "58"]
[EventDate "2007.03.02"]
[EventType "team-swiss"]
[EventRounds "9"]
[EventCountry "IRI"]
[SourceTitle "EXT 2020"]
[Source "ChessBase"]
[SourceDate "2019.10.17"]
[SourceVersion "1"]
[SourceVersionDate "2019.10.17"]
[SourceQuality "1"]
[WhiteTeam "Pavlodar"]
[BlackTeam "Arbil"]
[WhiteTeamCountry "KAZ"]
[BlackTeamCountry "IRQ"]

1. e4 e6 2. d4 d5 3. Nc3 Bb4 4. e5 c5 5. a3 cxd4 6. axb4 dxc3 7. Qg4 Kf8 8. bxc3 h5 9. Qf4 Nh6 10. Nf3 Nc6 11. Bd3 Bd7 12. 0-0 Ne7 13. b5 Nhf5 14. Qb4 Kg8 15. Bg5 Qe8 16. Rfe1 h4 17. Qc5 Rh5 18. Qc7 Qc8 19. Qxc8+ Bxc8 20. g4 hxg3 21. hxg3 f6 22. exf6 gxf6 23. Bxf6 Kf7 24. Bg5 Rh8 25. Ne5+ Kg7 26. g4 Rf8 27. gxf5 Nxf5 28. Kg2 b6 29. Nc6 Bb7 1-0